Serranía (Record no. 51185)

MARC details
000 -LEADER
campo de control de longitud fija 00559nam a2200169 i 4500
001 - NÚMERO DE CONTROL
campo de control 51185
003 - IDENTIFICADOR DE NÚMERO DE CONTROL
campo de control ES-MaACL
005 - FECHA Y HORA DE LA ÚLTIMA TRANSACCIÓN
campo de control 20230906162320.0
007 - CAMPO FIJO DE DESCRIPCIÓN FÍSICA--INFORMACIÓN GENERAL
campo de control de longitud fija t|
008 - DATOS DE LONGITUD FIJA--INFORMACIÓN GENERAL
campo de control de longitud fija 030811s1949 sp ||||1| spa d
100 1# - ENTRADA PRINCIPAL--NOMBRE DE PERSONA
Nombre de persona Chaparro Wert, Manuel.
9 (RLIN) 38007
245 10 - MENCIÓN DEL TÍTULO
Título Serranía
Resto del título : poemas de la montaña de Huelva /
Mención de responsabilidad, etc. Manuel Chaparro Wert ; dibujos de José Mª Labrador.
260 ## - PUBLICACIÓN, DISTRIBUCIÓN, ETC.
Lugar de publicación, distribución, etc. Huelva :
Nombre del editor, distribuidor, etc. Riotinto,
Fecha de publicación, distribución, etc. [1949] (
Fabricante Tip. G. Chaparro)
300 ## - DESCRIPCIÓN FÍSICA
Extensión 193 p., 2 lám. ;
Dimensiones 17 cm.
700 1# - ENTRADA AGREGADA--NOMBRE PERSONAL
Nombre de persona Labrador, José María.
9 (RLIN) 69283
852 ## - LOCALIZACIÓN
Ubicación ES-MaACL
Número de control de estantería 1901-F-3
Sublocalización o colección R.28447
Holdings
Estatus retirado Estado de pérdida Estado de daño No para préstamo Colección Biblioteca de origen Biblioteca actual Ubicación en estantería Fecha de adquisición Fuente de adquisición Total de préstamos Signatura topográfica completa Código de barras Visto por última vez Precio de reemplazo Tipo de ítem Koha
        Colección de folletos Biblioteca del Ateneo de Madrid Biblioteca del Ateneo de Madrid Depósito folletos 17/01/2008     1901-F-3 1053836 23/02/2023 23/02/2023 Folleto